000 00256nam a2200109 a 4500
005 20140414131938.0
008 110125s19uu xx 00 eng d
050 _aER
_bR34 2002
245 _aRhinoceros bathtime.
260 _bSmithsonian.
999 _c112501
_d112501